3. Liga Torschützen 2022/2023 - Statistiken

Allgemein
  • Dieses Quiz wurde 53 mal gespielt
  • Das Durchschnittsergebnis liegt bei 7 aus 18
Antwortstatistiken
Tore Verein Spieler % Korrekt
25 Dynamo Dresden Ahmet Arslan
79%
14 SV 07 Elversberg Luca Schnellbacher
63%
14 FSV Zwickau Dominic Baumann
60%
19 VfL Osnabrück Ba-Muaka Simakala
58%
10 SV 07 Elversberg Nick Woltemade
58%
15 SC Freiburg II Vincent Vermeij
56%
11 VfL Osnabrück Erik Engelhardt
44%
12 Waldhof Mannheim Dominik Martinovic
42%
14 SV Wehen Wiesbaden Benedict Hollerbach
37%
15 SV Wehen Wiesbaden Ivan Prtajin
37%
12 SV 07 Elversberg Jannik Rochelt
37%
13 Borussia Dortmund II Justin Njinmah
35%
10 FC Ingolstadt 04 Patrick Schmidt
23%
11 SV Meppen Marvin Pourié
21%
10 Hallescher FC Tom Zimmerschied
21%
12 Viktoria Köln Robin Meißner
19%
10 Erzgebirge Aue Dimitrij Nazarov
16%
13 FC Ingolstadt 04 Tobias Bech
9%
Keine übereinstimmenden Quizze gefunden
Verteilung der Resultate
Anzahl Personen mit jedem Resultat
Perzentil nach korrekt beantworteten Fragen
Ihre Resultats-Entwicklung
Sie haben dieses Quiz noch nicht gespielt